000 00709nam a2200217Ia 4500
005 20250508170009.0
008 008 250505s9999 xx 000 0 eng d
020 _a978-93-5287-540-5
037 _aReference
040 _aFEDL
_beng
_cFEDL
041 _aeng
_2eng
084 _a370.152 3, RAI/RR
_qFEDL
100 _aRailean Elena Ed.
_9782646
245 0 _aHandbook of research on applied learning theory and design in modern education, 2 Vols.
260 _aHershey, USA
_bInformation Science Reference
_c2016
365 _aUSD
_b200
490 _vV. 1
700 _a Walker Gabriela Ed. Elci Atilla Ed.
_9782647
942 _cREF
_h370.152 3, RAI/RR
999 _c1398598
_d1398598